000 00314nam a22001337a 4500
008 180129b xxu||||| |||| 00| 0 eng d
020 _a9780321194756
041 _aeng
080 _24 ed
_a36
100 _a46
101 _aedu
245 _athe scribner handbook for writers
_crobert.d
942 _2udc
_cBK
999 _c41105
_d41105